[Event "Bretagne op-B"]
[Site "Queven"]
[Date "1999.??.??"]
[Round "6"]
[White "Pinel, M Jose"]
[Black "Tonal, Jean Jacques"]
[Result "1/2-1/2"]
[WhiteElo "1470"]
[BlackElo "1550"]
[PlyCount "38"]
[EventDate "1999.06.??"]
[EventType "swiss"]
[EventRounds "7"]
[EventCountry "FRA"]
[SourceTitle "EXT 2001"]
[Source "ChessBase"]
[SourceDate "2000.11.22"]
[SourceVersion "1"]
[SourceVersionDate "2000.11.22"]
[SourceQuality "1"]

1. e4 d6 2. d4 Nf6 3. Nc3 g6 4. Bf4 c6 5. Bc4 b5 6. Bd3 b4 7. Nce2 a5 8. c3 Ba6 9. Bc2 Bg7 10. Ng3 Qb6 11. Bb3 Nbd7 12. Nh3 h6 13. Be3 Qb7 14. f4 c5 15. Qf3 Bd3 16. Nf2 Bb5 17. c4 a4 18. e5 Qxf3 19. gxf3 axb3 1/2-1/2